000 00332nam a22001217a 4500
040 _cSK
082 _a338
100 _aSREY CHANTHY
245 _aThe opportunities and constraints to improve the agricultural production in bati district of takeo province cambodia
260 _aCAMBODIA
_bSRE
_c1995
300 _a129p.
942 _cEK
999 _c9930
_d9930